| 000 | 00692cam a2200217 4500500 | ||
|---|---|---|---|
| 005 | 20260329010133.0 | ||
| 041 | _afre | ||
| 042 | _adc | ||
| 100 | 1 | 0 |
_aMorisson, Batiste _eauthor |
| 700 | 1 | 0 |
_aPernes, Caroline _eauthor |
| 245 | 0 | 0 | _aCarmen Schröder : qu’est-ce qu’un sommeil réussi ? |
| 260 | _c2023. | ||
| 500 | _a59 | ||
| 690 | _aFatigue | ||
| 690 | _aFolie | ||
| 690 | _aMaladie | ||
| 690 | _aPsychiatrie | ||
| 690 | _aSommeil | ||
| 786 | 0 | _nPhilosophie magazine - Hors séries | Hors série - Hiver 2023 | HS56 | 2023-01-01 | p. 23-23 | 2104-9246 | |
| 856 | 4 | 1 | _uhttps://shs.cairn.info/magazine-philosophie-magazine-2023-12-page-23?lang=fr&redirect-ssocas=7080 |
| 999 |
_c1849792 _d1849792 |
||